Kraje na podstawie trenera reprezentacji na Mistrzostwach Europy 2024 - Statystyki

Ogólne statystyki
  • Ten quiz został rozwiązany 123 razy
  • Średni wynik to 18 z 24
Statystyki odpowiedzi
Obrazkowy Hint Odpowiedź % Poprawnych
Julian Nagelsmann Niemcy
95%
Michał Probierz Polska
89%
Didier Deschamps Francja
87%
Gareth Southgate Anglia
86%
Ronald Koeman Holandia
86%
Luis de la Fuente Hiszpania
84%
Luciano Spalletti Włochy
84%
Matjaž Kek Słowenia
82%
Dragan Stojković Serbia
80%
Kasper Hjulmand Dania
79%
Eduard Iordănescu Rumunia
79%
Stephen Clarke Szkocja
78%
Zlatko Dalić Chorwacja
75%
Roberto Martínez Portugalia
73%
Ralf Rangnick Austria
67%
Serhij Rebrow Ukraina
67%
Sylvinho Albania
65%
Ivan Hašek Czechy
65%
Willy Sagnol Gruzja
63%
Murat Yakın Szwajcaria
61%
Marco Rossi Węgry
61%
Domenico Tedesco Belgia
58%
Francesco Calzona Słowacja
54%
Vincenzo Montella Turcja
54%
Nie znaleziono quizów pasujących do podanych kryteriów
Rozkład punktacji
Procent ludzi z każdym wynikiem
Percentyl według liczby udzielonych odpowiedzi
Twoja historia wyników
Nie rozwiązałeś tego quizu